Countries Starting with P - Statistics

General Stats
  • This quiz has been taken 60 times
  • The average score is 7 of 10
Answer Stats
Answer % Correct
Poland
88%
Palau
86%
Paraguay
84%
Pakistan
82%
Peru
82%
Portugal
80%
Philippines
77%
Panama
71%
Papa New Guinea
13%
Palestine State
2%
No matching quizzes found
Score Distribution
Percent of People with Each Score
Percentile by Number Answered
Your Score History
You have not taken this quiz